=LDR 00000nam 2200000 4500 =001 INLIS000000000028376 =005 20130612130704 =008 ***********************************Ind** =035 ##$$0010-061300000028376 =041 ##$$a Ind =082 ##$$a 398.3 =090 ##$$a 398.3, Amr c =100 ##$$a Amran, Rusli =245 ##$$a Cerita-cerita lama dalam lembaran sejarah, Rusli Amran =260 ##$$a 1997 $b Jakarta =300 ##$$a 210 hlm, 21 cm =650 ##$$a Cerita Rakyat =850 ##$$a NBPNMAT